Walking with the pioneers : (Record no. 25238)
[ view plain ]
| 000 -LEADER | |
|---|---|
| fixed length control field | 01834cam a2200445 i 4500 |
| 001 - CONTROL NUMBER | |
| control field | 24043432 |
| 003 - CONTROL NUMBER IDENTIFIER | |
| control field | AUA.1 |
| 005 - DATE AND TIME OF LATEST TRANSACTION | |
| control field | 20251027092933.0 |
| 007 - PHYSICAL DESCRIPTION FIXED FIELD--GENERAL INFORMATION | |
| fixed length control field | t| |
| 008 - FIXED-LENGTH DATA ELEMENTS--GENERAL INFORMATION | |
| fixed length control field | 250226s2025 idua b 000 0ceng |
| 010 ## - LIBRARY OF CONGRESS CONTROL NUMBER | |
| LC control number | 2025005687 |
| 020 ## - INTERNATIONAL STANDARD BOOK NUMBER | |
| International Standard Book Number | 9780816370580 |
| Qualifying information | trade paperback |
| 020 ## - INTERNATIONAL STANDARD BOOK NUMBER | |
| Cancelled/invalid ISBN | 9780816370597 |
| Qualifying information | ebook |
| 035 ## - SYSTEM CONTROL NUMBER | |
| System control number | 24043432 |
| 035 ## - SYSTEM CONTROL NUMBER | |
| System control number | (DLC)24043432 |
| 040 ## - CATALOGING SOURCE | |
| Original cataloging agency | DLC |
| Language of cataloging | eng |
| Description conventions | rda |
| Transcribing agency | DLC |
| Modifying agency | DLC |
| -- | DLC-MRC |
| 042 ## - AUTHENTICATION CODE | |
| Authentication code | pcc |
| 043 ## - GEOGRAPHIC AREA CODE | |
| Geographic area code | n-us-ca |
| 050 00 - LIBRARY OF CONGRESS CALL NUMBER | |
| Classification number | BX6117.7.C3 |
| Item number | W53 2025 |
| 082 00 - DEWEY DECIMAL CLASSIFICATION NUMBER | |
| Classification number | 286.7/794 |
| Edition number | 23/eng/20250318 |
| 100 1# - MAIN ENTRY--PERSONAL NAME | |
| Personal name | Wibberding, Jim |
| Relator term | author |
| Relator code | aut |
| -- | http://id.loc.gov/vocabulary/relators/aut |
| 245 10 - TITLE STATEMENT | |
| Title | Walking with the pioneers : |
| Remainder of title | the captivating story of West-Coast Adventism / |
| Statement of responsibility, etc | Jim Wibberding. |
| 260 ## - PUBLICATION, DISTRIBUTION, ETC. (IMPRINT) | |
| Place of publication, distribution, etc | Nampa, ID |
| Name of publisher, distributor, etc | Pacific Press |
| Date of publication, distribution, etc | 2025 |
| 300 ## - PHYSICAL DESCRIPTION | |
| Extent | 160 pages : |
| Other physical details | illustrations ; |
| Dimensions | 23 cm |
| 505 ## - FORMATTED CONTENTS NOTE | |
| Formatted contents note | Introduction to the Advent Movement |
| 505 ## - FORMATTED CONTENTS NOTE | |
| Formatted contents note | San Francisco |
| 505 ## - FORMATTED CONTENTS NOTE | |
| Formatted contents note | Petaluma |
| 505 ## - FORMATTED CONTENTS NOTE | |
| Formatted contents note | Windsor, Santa Rosa, and Bloomfield |
| 505 ## - FORMATTED CONTENTS NOTE | |
| Formatted contents note | Oakland, Yountville, and Mountain View |
| 505 ## - FORMATTED CONTENTS NOTE | |
| Formatted contents note | Napa, Rutherford, and St. Helena |
| 505 ## - FORMATTED CONTENTS NOTE | |
| Formatted contents note | Healdsburg and Angwin |
| 505 ## - FORMATTED CONTENTS NOTE | |
| Formatted contents note | San Diego, Los Angeles, and Loma Linda |
| 505 ## - FORMATTED CONTENTS NOTE | |
| Formatted contents note | West Coast Adventism in Retrospect and Prospect |
| 520 ## - SUMMARY, ETC. | |
| Summary, etc | "A tour guide to the lives, mission, and places of those who kindled the Seventh-day Adventist flame in California"-- Provided by publisher. |
| 650 #0 - SUBJECT ADDED ENTRY--TOPICAL TERM | |
| Topical term or geographic name as entry element | Seventh-Day Adventists |
| Geographic subdivision | United States |
| -- | California |
| General subdivision | History. |
| 650 #0 - SUBJECT ADDED ENTRY--TOPICAL TERM | |
| Topical term or geographic name as entry element | Seventh-Day Adventists |
| Geographic subdivision | United States |
| -- | California |
| Form subdivision | Biography. |
| 655 #7 - INDEX TERM--GENRE/FORM | |
| Genre/form data or focus term | Biographies |
| Source of term | lcgft |
| 776 08 - ADDITIONAL PHYSICAL FORM ENTRY | |
| Display text | Online version |
| Main entry heading | Wibberding, Jim |
| Title | Walking with the pioneers |
| Place, publisher, and date of publication | [Nampa] : [Pacific Press Publishing Association], [2025] |
| International Standard Book Number | 9780816370597 |
| Record control number | (DLC) 2025005688 |
| 942 ## - ADDED ENTRY ELEMENTS (KOHA) | |
| Source of classification or shelving scheme | Library of Congress Classification |
| Koha item type | Books |
| Classification part | BX6117.7.C3 |
| Item part | W53 2025 |
| Withdrawn status | Lost status | Source of classification or shelving scheme | Damaged status | Not for loan | Collection code | Home library | Current library | Shelving location | Date acquired | Serial Enumeration / chronology | Total Checkouts | Full call number | Date last seen | Price effective from | Koha item type |
|---|---|---|---|---|---|---|---|---|---|---|---|---|---|---|---|
| Library of Congress Classification | Books | Judith Thomas Library | Judith Thomas Library | EGW Estate Branch Office | 27/10/2025 | 1315 | BX6117.7.C3 W53 2025 | 27/10/2025 | 27/10/2025 | Books |